000 00889nam a22002777a 4500
001 1780
003 CO-MdFUSB
005 20190202100416.0
008 170519t1998 xxu||||| |||| 00| 0 eng d
020 _a0-567-08634-8
040 _aCO-MdFUSB
_bspa
_cCO-MdFUSB
_dCO-MdFUSBC
_erda
041 0 _aeng
082 0 4 _aG 220.60902 L9269m
100 1 _aLubac, Henri de (1896-)
_eautor
245 1 0 _aMedieval exegesis
_b : The four senses of Scripture
_c / Henri de Lubac ; Mark Sebanc, Traductor
260 _a
264 4 _aGrand Rapids, MI., USA :
_bEerdmans,
_c©1998
300 _aXIII, 446 Pag
336 _2rdacontent
_a1
_ba1
337 _2rdamedia
_a2
_b5
338 _2rdacarrier
_a2
_b5
650 0 _aHistoria de la Iglesia
_z(Edad Media), ca. 600-1500
_9285
650 7 _aHermenéutica
_9418
653 _aInterpretación de la Biblia - Historia - Edad media, 600-1500
942 _cBK
999 _c32978
_d32978